[Event "BRA-ch Amateur"]
[Site "Goiania"]
[Date "2012.02.18"]
[Round "2"]
[White "De Arruda, Filho Ivo Pereira"]
[Black "Silva, Paulo Florencio da"]
[Result "0-1"]
[WhiteElo "1923"]
[BlackElo "2089"]
[PlyCount "128"]
[EventDate "2012.02.18"]
[EventType "swiss"]
[EventRounds "7"]
[EventCountry "BRA"]
[SourceTitle "CBM 147 Extra"]
[Source "ChessBase"]
[SourceDate "2012.04.24"]
[SourceVersion "1"]
[SourceVersionDate "2012.04.24"]
[SourceQuality "1"]

1. Nf3 b5 2. d4 Bb7 3. Nbd2 Nf6 4. e3 b4 5. c4 e6 6. b3 a5 7. Bb2 d6 8. Bd3 Nbd7 9. Qc2 c5 10. 0-0 Qc7 11. Rfe1 Be7 12. e4 e5 13. d5 0-0-0 14. a3 Rdg8 15. axb4 axb4 16. Ra7 g5 17. Rea1 Nb8 18. Qb1 Nfd7 19. Qa2 Bd8 20. Qa4 Nb6 21. Qb5 Qd7 22. Qxd7+ N6xd7 23. Nf1 g4 24. Ne1 h5 25. Ng3 Rg6 26. Bc1 Kc7 27. Nf5 Kb6 28. R7a2 Kc7 29. Ra7 Nf8 30. Nc2 Nfd7 31. Be3 Nb6 32. Bf1 N8d7 33. Bd3 Kb8 34. Ne1 Nc8 35. R7a2 Ne7 36. Nxe7 Bxe7 37. Ra7 Nb6 38. Nc2 Bd8 39. Bd2 Nc8 40. R7a2 Bg5 41. Bxg5 Rxg5 42. Ne3 Ne7 43. Ra7 Kc7 44. Bc2 Rgg8 45. Bd3 Ra8 46. Nf1 Rxa7 47. Rxa7 Kb6 48. Ra2 Bc8 49. Ne3 Bd7 50. Re2 Ra8 51. Re1 Ra3 52. Rb1 Ng6 53. g3 f6 54. Rb2 Nh8 55. Nc2 Ra8 56. Ne3 Nf7 57. Bb1 Ng5 58. Ra2 Rxa2 59. Bxa2 Nxe4 60. Bb1 Nd2 61. Bc2 f5 62. Kg2 Kc7 63. Nf1 Nf3 64. h4 Ne1+ 0-1